| Tag |
First Indicator |
Second Indicator |
Subfields |
| LEADER |
00000nam a2200000 i 4500 |
| 001 |
in00004599713 |
| 003 |
OCoLC |
| 005 |
20220823142645.1 |
| 006 |
m o d |
| 007 |
cr cnu---unuuu |
| 008 |
220616t20222022enk o 000 0 eng d |
| 024 |
8 |
|
|a 40031375816
|
| 040 |
|
|
|a YDX
|b eng
|e rda
|c YDX
|d OCLCQ
|d YDX
|d CAMBR
|d OCLCF
|d UAB
|d N$T
|d K6U
|
| 020 |
|
|
|a 1009080148
|q (electronic book)
|
| 020 |
|
|
|a 9781009067485
|q (electronic book)
|
| 020 |
|
|
|a 1009067486
|q (electronic book)
|
| 020 |
|
|
|a 9781009080149
|q (electronic bk.)
|
| 020 |
|
|
|z 9781316512494
|
| 020 |
|
|
|z 1316512495
|
| 035 |
|
|
|a (OCoLC)1330441379
|
| 043 |
|
|
|a e-gx---
|a e------
|a aw-----
|a ff-----
|
| 050 |
|
4 |
|a ML1729
|b .G53 2022
|
| 082 |
0 |
4 |
|a 792.50943
|2 23
|
| 100 |
1 |
|
|a Glatthorn, Austin,
|e author.
|
| 245 |
1 |
0 |
|a Music theatre and the Holy Roman Empire :
|b the German musical stage at the turn of the nineteenth century /
|c Austin Glatthorn.
|
| 264 |
|
1 |
|a Cambridge, United Kingdom ;
|a New York, NY :
|b Cambridge University Press,
|c 2022.
|
| 264 |
|
4 |
|c ©2022
|
| 300 |
|
|
|a 1 online resource.
|
| 336 |
|
|
|a text
|b txt
|2 rdacontent
|
| 337 |
|
|
|a computer
|b c
|2 rdamedia
|
| 338 |
|
|
|a online resource
|b cr
|2 rdacarrier
|
| 588 |
0 |
|
|a Online resource; title from digital title page (viewed on June 16, 2022).
|
| 650 |
|
0 |
|a Musical theater
|z Germany
|x History
|y 19th century.
|
| 650 |
|
0 |
|a Musical theater
|z Rome
|x History.
|
| 650 |
|
7 |
|a Musical theater.
|2 fast
|0 (OCoLC)fst01030807
|
| 651 |
|
7 |
|a Germany.
|2 fast
|0 (OCoLC)fst01210272
|
| 651 |
|
7 |
|a Rome (Empire)
|2 fast
|0 (OCoLC)fst01204885
|
| 648 |
|
7 |
|a 1800-1899
|2 fast
|
| 655 |
|
7 |
|a Electronic books.
|2 local
|
| 710 |
2 |
|
|a Cambridge University Press
|
| 856 |
4 |
0 |
|u http://proxy.library.tamu.edu/login?url=https://doi.org/10.1017/9781009067485
|z Connect to the full text of this electronic book
|t 0
|
| 945 |
|
|
|a machinegen
|b 484317
|
| 955 |
|
|
|a YBP purchased approval e-records
|
| 980 |
|
|
|b ebook
|c 40031375816
|f NONFIC/B
|g 565751
|k USD
|m 140.00
|q 1
|s AcqMono Conventional
|t Approval plan
|u Vendor order reference number
|v ZYBP
|y E-approvals
|z Electronic resource
|
| 999 |
f |
f |
|i 1b89f059-2bcc-43ba-92e4-441a8dd714d8
|s 8f817ea8-23fc-4eaf-875b-653d0e9f4075
|t 0
|
| 952 |
f |
f |
|a Texas A&M University
|b College Station
|c Electronic Resources
|s www_evans
|d Available Online
|t 0
|e ML1729 .G53 2022
|h Library of Congress classification
|